Hommes ayant marché sur la Lune - Statistiques

Statistiques générales
  • Ce quiz a été pris 40 fois
  • Le résultat moyen est 5 sur 12
Statistiques - réponses
Ordre Réponses % Correct
1 Neil Armstrong
100%
2 Buzz Aldrin
93%
5 Alan Shepard
37%
4 Alan Bean
30%
3 Charles Conrad
30%
11 Eugene Cernan
30%
12 Harrison Schmitt
30%
10 Charles Duke
26%
6 Edgar Mitchell
22%
9 John Young
22%
7 David Scott
19%
8 James Irwin
19%
Aucun quiz correspondant
Distribution des résultats
% des personnes avec chaque résultat
Percentile par nombre de réponses
Votre historique - résultats
Vous n’avez pas pris ce quiz